ბათუმის შოთა რუსთაველის სახელმწიფო უნივერსიტეტის ბიბლიოთეკა

Транспорт и хранение углеводородных сжиженных газов. (ბიბ.ჩანაწერი № 47291)

000 -LEADER
fixed length control field 00683nam a2200193Ia 4500
001 - CONTROL NUMBER
control field 14151
003 - CONTROL NUMBER IDENTIFIER
control field GE_BSU
008 - FIXED-LENGTH DATA ELEMENTS--GENERAL INFORMATION
fixed length control field 181216s||||||||xx |||||||||||||| ||und||
040 ## - CATALOGING SOURCE
Transcribing agency GE_BSU
080 ## - UNIVERSAL DECIMAL CLASSIFICATION NUMBER
Universal Decimal Classification number 621.595
100 ## - MAIN ENTRY--PERSONAL NAME
Personal name Рачевский,Б.С. Рачевский,С.М. Радчик,И.И.
245 ## - TITLE STATEMENT
Title Транспорт и хранение углеводородных сжиженных газов.
260 ## - PUBLICATION, DISTRIBUTION, ETC.
Place of publication, distribution, etc. М.
260 ## - PUBLICATION, DISTRIBUTION, ETC.
Name of publisher, distributor, etc. Недра.
260 ## - PUBLICATION, DISTRIBUTION, ETC.
Date of publication, distribution, etc. 1974.
300 ## - PHYSICAL DESCRIPTION
Extent 256 стр. 21 см. с илл. Библиогр.: стр. 252-255.
653 ## - INDEX TERM--UNCONTROLLED
Uncontrolled term Транспорт и хранение углеводородных сжиженных газов.
942 ## - ADDED ENTRY ELEMENTS (KOHA)
Koha item type წიგნი
ეგზემპლარები
Withdrawn status Lost status Damaged status Not for loan Date acquired Barcode Date last seen Price effective from Koha item type
        2018-12-17 10195 2018-12-17 2018-12-17 წიგნი